=LDR 00000nam 2200000 4500 =001 INLIS000000001053263 =005 20250117075313 =035 ##$$a 0010-0125000037 =007 ta =008 250117################g##########0#ind## =020 ##$$a 978-979-769-143-1 =082 ##$$a 331.110 =084 ##$$a 331.110 ZAE h =245 1#$$a Hukum Kerja : $b Hukum ketenagakerjaan bidang hubungan kerja /$c Zaeni Asyhadie =250 ##$$a Cetakan ketiga =300 ##$$a xv, 275 halaman ; $c 13 x 20 cm. =600 #4$$a Ketenagakerjaan =264 ##$$a Jakarta :$b Rajawali Pers,$c 2013 =336 ##$$a Teks$2 rdacontent =337 ##$$a Tanpa Perantara$2 rdamedia =338 ##$$a Volume$2 rdacarrier =990 ##$$a 3202500033